00795 2200289 4500001002100000005001500021035002000036245010000056100002500156250000600181300003500187260004300222082001000265084001600275020002200291650002200313990001700335990001700352990001700369990001700386990001700403990001700420990001700437990001700454990001700471990001700488INLIS00000000000026020180922034648 a0010-09180001141 aSultan Syarif Kasim II :bRiwayat Hidup dan Perjuangannya ( 1893-1968 ) /cDrs. Mardanas Safwan0 aDrs. Mardanas Safwan a- avi, 74 hlm. :bilus. ;c21 cm. aJakarta :bMutiara Sumber Widya,c2010 a923.5 a923.5 MAR s a978-979-9331-55-2 aBiografi Pahlawan a01073/P/2018 a01074/P/2018 a01075/P/2018 a01076/P/2018 a01207/P/2018 a01207/P/2018 a01073/P/2018 a01074/P/2018 a01075/P/2018 a01076/P/2018